|
|
|
|
| LEADER |
00000nab a2200000 a 4500 |
| 001 |
vtls000035278 |
| 003 |
SK-MaSNL |
| 005 |
20260303203434.0 |
| 008 |
111026c1979 xo 0 slo |
| 015 |
|
|
|a SNBRA19rr/mm-uuuuu
|
| 035 |
|
|
|a CL0045373
|
| 040 |
|
|
|a SNKBUCL
|b slo
|c SNKBUCL
|e AACR2
|
| 041 |
0 |
|
|a slo
|
| 044 |
|
|
|a xo
|c SK
|
| 080 |
|
|
|a 631.1
|2 1981
|
| 080 |
|
|
|a 631.3
|2 1981
|
| 080 |
|
|
|a 621.797
|2 1981
|
| 100 |
1 |
|
|a Kaľavský, Michal
|4 aut
|9 278228
|
| 245 |
1 |
0 |
|a K problematike stanovenia nákladov na generálne opravy základných prostriedkov pre jeden hospodársky rok
|c Michal Kaľavský, Žofia Hacherová
|
| 300 |
|
|
|b Tb. 8. Schémy 7. Res. rus., angl.
|
| 650 |
0 |
7 |
|a poľnohospodárske podniky
|2 snkbucl
|9 4194
|
| 650 |
0 |
7 |
|a mechanizácia poľnohospodárstva
|2 snkbucl
|9 27292
|
| 655 |
|
7 |
|a články zo zborníkov
|2 snkbucl
|9 166140
|
| 700 |
1 |
|
|a Hacherová, Žofia,
|d 1945-
|4 aut
|9 5772
|
| 773 |
0 |
|
|t Acta operativo-oeconomica Universitatis agriculturae Nitra
|d Bratislava : Príroda, 1979
|g S. 267-283
|
| 850 |
|
|
|a Slovenská národná knižnica v Martine
|a MTA001
|
| 852 |
|
|
|a SNK
|b KIS3GCP
|
| 958 |
|
7 |
|a RK
|
| 992 |
|
|
|a RZB
|
| 999 |
|
|
|c 2185421
|d 2187351
|